| 000 | 01222nam a2200289 i 4500 | ||
|---|---|---|---|
| 001 | 182464 | ||
| 003 | ES-MaACL | ||
| 005 | 20230906221622.0 | ||
| 008 | 130816s2006 sp | |||| ||spa d | ||
| 020 | _a84-934430-3-4 | ||
| 080 | _a54 Fernández y Rodríguez, Obdulio | ||
| 080 | _a54 Moles, Enrique | ||
| 245 | 0 | 0 |
_aEnrique Moles y Obdulio Fernández / _c[Francisco González de Posada (coord.) ... et al. ; presentación, Juan Manuel Reol Tejada]. |
| 260 |
_a[Madrid] : _bReal Academia Nacional de Farmacia, _c[2006] |
||
| 300 |
_a114 p. : _bil. col. ; _c30 cm. |
||
| 490 | 1 |
_aHomenaje a las grandes figuras de las ciencias farmacéuticas ; _v2 |
|
| 600 | 1 | 4 |
_aFernández y Rodríguez, Obdulio, _d1883-1982 _950192 |
| 600 | 1 | 4 |
_aMoles, Enrique ( _d1883-1953) _981864 |
| 700 | 1 |
_aFernández y Rodríguez, Obdulio, _d1883-1982 _950192 |
|
| 700 | 1 |
_aMoles, Enrique ( _d1883-1953) _981864 |
|
| 700 | 1 |
_aGonzález de Posada, Francisco. _958570 |
|
| 700 | 1 |
_aReol, Juan Manuel. _996251 |
|
| 710 | 2 |
_aReal Academia Nacional de Farmacia (España) _9148565 |
|
| 830 | 1 |
_aHomenaje a las grandes figuras de las ciencias farmacéuticas ; _v2 _9224835 |
|
| 852 |
_aES-MaACL _j2325-F-26 |
||
| 999 |
_c182464 _d182464 |
||